Guía de terapias : pilates, yoga, meditación, antiestrés (Record no. 17348)

MARC details
000 -LEADER
fixed length control field 00681nam a22002417a 4500
001 - CONTROL NUMBER
control field sjds170043
003 - CONTROL NUMBER IDENTIFIER
control field sjds
005 - DATE AND TIME OF LATEST TRANSACTION
control field 20170531140640.0
008 - FIXED-LENGTH DATA ELEMENTS--GENERAL INFORMATION
fixed length control field 170531b sp||||| |||| 00| 0 spa d
020 ## - INTERNATIONAL STANDARD BOOK NUMBER
International Standard Book Number 9781405414203
040 ## - CATALOGING SOURCE
Transcribing agency sjds
041 ## - LANGUAGE CODE
Language code of text/sound track or separate title spa
245 10 - TITLE STATEMENT
Title Guía de terapias : pilates, yoga, meditación, antiestrés
Statement of responsibility, etc. [traducción del ingles, Olga Delgado].
246 10 - VARYING FORM OF TITLE
Title proper/short title Terapias
260 ## - PUBLICATION, DISTRIBUTION, ETC. (IMPRINT)
Place of publication, distribution, etc. Barcelona :
Name of publisher, distributor, etc. Parragon,
Date of publication, distribution, etc. c2003.
300 ## - PHYSICAL DESCRIPTION
Extent 256 pages :
Other physical details color illustrations ;
Dimensions 25 cm
500 ## - GENERAL NOTE
General note Includes index.
650 #0 - SUBJECT ADDED ENTRY--TOPICAL TERM
Topical term or geographic name as entry element Pilates method.
650 #0 - SUBJECT ADDED ENTRY--TOPICAL TERM
Topical term or geographic name as entry element Hatha yoga.
650 #0 - SUBJECT ADDED ENTRY--TOPICAL TERM
Topical term or geographic name as entry element Trancendental Meditation.
700 ## - ADDED ENTRY--PERSONAL NAME
Personal name Delgado, Olga.
942 ## - ADDED ENTRY ELEMENTS (KOHA)
Koha item type Libro/Book
Holdings
Withdrawn status Lost status Source of classification or shelving scheme Damaged status Not for loan Home library Current library Shelving location Date acquired Total Checkouts Full call number Barcode Date last seen Price effective from Koha item type
    Dewey Decimal Classification     San Juan Del Sur -- Biblioteca San Juan Del Sur -- Biblioteca General Stacks 31/05/2017   S Gui 30024385 31/05/2017 31/05/2017 Libro/Book

Powered by Koha